| 000 | 00768nam a2200253Ia 4500 | ||
|---|---|---|---|
| 003 | OSt | ||
| 005 | 20221005092715.0 | ||
| 006 | a|||||r|||| 00| 0 | ||
| 007 | ta | ||
| 008 | 221004b |||||||| |||| 00| 0 eng d | ||
| 024 | _a28758 | ||
| 037 | _cTextual | ||
| 040 |
_aCRL _cCRL _beng |
||
| 041 |
_2eng _aeng |
||
| 082 | _aG:6, N0 | ||
| 100 |
_aBishop Jerry E _9617664 |
||
| 245 | 0 |
_aGeonome _b The story of the most astonishing scientific adventure of our time the attempt to map all the genes in the human body |
|
| 260 |
_aNew York _bSimon and Schuster _c1990 |
||
| 300 |
_a352p _ccm. |
||
| 650 | _aBIOLOGY | ||
| 700 |
_a Waldholz Michael _9617665 |
||
| 942 |
_hG:6, N0 _cTEXL _2cc |
||
| 999 |
_c999242 _d999242 |
||